000 00699cam a2200205 i 4500
005 20260111094819.0
008 250721s2024 jo gr 000 0 ara d
020 _a9789923510575
082 1 4 _a302
_bع ب ا
100 1 _aعباس، عباس
_eمؤلف.
245 1 0 _aالمهارات الحياتية /
_cالدكتور عباس عبد الحليم عباس.
250 _aالطبعة الأولى.
264 3 1 _aعمان :
_bدار وائل،
_c2024.
300 _a283 صفحة.
650 1 7 _aعلم النفس الاجتماعي.
650 1 7 _aالتفاعل الاجتماعي.
650 1 7 _aتنمية المهارات.
942 _2ddc
_cBK
999 _c146264
_d146264